| 000 | 00775nam a2200277Ia 4500 | ||
|---|---|---|---|
| 001 | 11376 | ||
| 005 | 20240113235308.0 | ||
| 007 | ta | ||
| 008 | 050811s2001 g b000 u ben u | ||
| 020 | _a81-7612-530-X | ||
| 040 | _aCotton College Assam | ||
| 041 | _aben | ||
| 082 |
_a891.44309 _bCh Ra |
||
| 100 | _aChaudhuri, Bhudeb . | ||
| 245 | 0 |
_aRabindra Upanyas: Itihaser Prekshite / _cBhudeb Chaudhuri. _hTextual Documents |
|
| 250 | _a2nd ed. / | ||
| 260 |
_aCalcutta : _bDeys Publishing , _c2001. |
||
| 300 |
_a96p. ; _c22cm. |
||
| 504 | _aIndex | ||
| 653 | _aBengali Novel-History and Criticism | ||
| 653 | _aThakur, Rabindranath-History and Criticism | ||
| 653 | _aMS-Bengali | ||
| 942 |
_2ddc _cBK |
||
| 999 |
_c11363 _d11363 |
||